| 000 -LEADER |
| fixed length control field |
00390pab a2200133 454500 |
| 008 - FIXED-LENGTH DATA ELEMENTS--GENERAL INFORMATION |
| fixed length control field |
180718b xxu||||| |||| 00| 0 eng d |
| 100 ## - MAIN ENTRY--PERSONAL NAME |
| Personal name |
Ramaswamy, C |
| 245 ## - TITLE STATEMENT |
| Title |
Agricultural labour market under different production environments |
| 650 ## - SUBJECT ADDED ENTRY--TOPICAL TERM |
| Topical term or geographic name entry element |
Agricultural Labour Market |
| 650 ## - SUBJECT ADDED ENTRY--TOPICAL TERM |
| Topical term or geographic name entry element |
Farm Labour - India - Tamil Nadu |
| 700 ## - ADDED ENTRY--PERSONAL NAME |
| Personal name |
K.N., Selvaraj |
| 773 ## - HOST ITEM ENTRY |
| Main entry heading |
Productivity |
| 909 ## - |
| -- |
21349 |